[Event "Minsk op"]
[Site "Minsk"]
[Date "2010.08.05"]
[Round "2"]
[White "Abramenko, Sergey"]
[Black "Glidzhain, Gor Mikhailovich"]
[Result "1/2-1/2"]
[WhiteElo "2155"]
[BlackElo "2369"]
[PlyCount "107"]
[EventDate "2010.08.04"]
[EventType "swiss"]
[EventRounds "9"]
[EventCountry "BLR"]
[SourceTitle "CBM 137 Extra"]
[Source "ChessBase"]
[SourceDate "2010.09.01"]
[SourceVersion "1"]
[SourceVersionDate "2010.09.01"]
[SourceQuality "1"]

1. e4 c6 2. d4 d5 3. Nc3 dxe4 4. Nxe4 Nd7 5. Bd3 Ngf6 6. Ng5 e6 7. N1f3 Bd6 8. Qe2 h6 9. Ne4 Nxe4 10. Qxe4 Nf6 11. Qe2 b6 12. Bd2 Bb7 13. 0-0-0 Qc7 14. Kb1 0-0-0 15. Rhe1 Kb8 16. c4 Rhe8 17. Bc3 Ka8 18. Ne5 c5 19. dxc5 Bxc5 20. Bc2 Rc8 21. f4 Red8 22. g4 a6 23. h4 Ne8 24. h5 Bd6 25. Bd3 f6 26. Ng6 Bxf4 27. Qxe6 Bg3 28. Rf1 Nd6 29. Qe3 Bh2 30. Qe2 Nxc4 31. Bxc4 Qxc4 32. Qxc4 Rxd1+ 33. Rxd1 Rxc4 34. Rd7 Rc7 35. Rd8+ Ka7 36. Rd4 Bg1 37. Rd1 Be4+ 38. Ka1 Bh2 39. Nh4 a5 40. a3 Ka6 41. Rd4 Bb7 42. Rd2 Bf4 43. Rd3 b5 44. Nf5 b4 45. axb4 axb4 46. Bxb4 Rc4 47. Bf8 Be5 48. Ne3 Rc1+ 49. Ka2 Bc8 50. Kb3 Be6+ 51. Kb4 Rc7 52. b3 Rf7 53. Bd6 Rb7+ 54. Ka4 1/2-1/2

[Event "Minsk op"]
[Site "Minsk"]
[Date "2008.07.10"]
[Round "1"]
[White "Levin, Evgeny A"]
[Black "Abramenko, Sergey"]
[Result "1-0"]
[WhiteElo "2463"]
[BlackElo "2154"]
[PlyCount "93"]
[EventDate "2008.07.10"]
[EventType "swiss"]
[EventRounds "9"]
[EventCountry "BLR"]
[SourceTitle "CBM 125 Extra"]
[Source "ChessBase"]
[SourceDate "2008.09.01"]
[SourceVersion "1"]
[SourceVersionDate "2008.09.01"]
[SourceQuality "1"]

1. d4 d5 2. c4 c6 3. Nc3 Nf6 4. e3 a6 5. Bd3 b5 6. b3 Bg4 7. Nge2 e6 8. Qc2 Bh5 9. Nf4 Bg6 10. Nxg6 hxg6 11. Bb2 Nbd7 12. h3 Be7 13. 0-0 0-0 14. Rfd1 Qc7 15. Rac1 Rac8 16. Qe2 Qb8 17. e4 dxe4 18. Nxe4 Rfe8 19. Qf3 Qb6 20. Rc2 Nxe4 21. Bxe4 Nf6 22. Bd3 Red8 23. Bf1 Bf8 24. g3 bxc4 25. bxc4 Qa5 26. Bg2 Qa4 27. Qb3 Qxb3 28. axb3 Bb4 29. Re2 a5 30. Re3 Kf8 31. Kf1 c5 32. Red3 Ke7 33. Ke2 Rc7 34. Bf3 Rcd7 35. Bc6 Rd6 36. d5 exd5 37. cxd5 Kf8 38. Be5 Ne4 39. Re3 Nf6 40. Bxd6+ Rxd6 41. Rdd3 Ba3 42. Rc3 Bb2 43. Rxc5 Bd4 44. Rxa5 Bxe3 45. Kxe3 Rd8 46. Kd4 Ke7 47. Kc5 1-0

[Event "BLR-ch U20"]
[Site "Minsk"]
[Date "2008.04.21"]
[Round "8"]
[White "Abramenko, Sergey"]
[Black "Podolchenko, Evgeniy"]
[Result "1-0"]
[WhiteElo "2154"]
[BlackElo "2482"]
[PlyCount "87"]
[EventDate "2008.04.14"]
[EventType "tourn"]
[EventRounds "9"]
[EventCountry "BLR"]
[EventCategory "2"]
[SourceTitle "EXT 2010"]
[Source "ChessBase"]
[SourceDate "2010.11.25"]
[SourceVersion "1"]
[SourceVersionDate "2010.11.25"]
[SourceQuality "1"]

1. e4 c5 2. Nf3 d6 3. d4 cxd4 4. Nxd4 Nf6 5. Nc3 g6 6. Be3 Bg7 7. f3 0-0 8. Qd2 Nc6 9. 0-0-0 Bd7 10. g4 Rc8 11. h4 Ne5 12. Kb1 a6 13. h5 Nxf3 14. Nxf3 Bxg4 15. Be2 Bxh5 16. Qd3 Bg4 17. Nd5 Nxd5 18. Qxd5 Qc7 19. Qd2 h5 20. Rhg1 Rfd8 21. c3 Qa5 22. Bd4 e5 23. Be3 Be6 24. c4 Qxd2 25. Nxd2 Kh7 26. Bb6 Rd7 27. b3 f5 28. Nf3 Bf6 29. Ng5+ Bxg5 30. Rxg5 f4 31. Rdg1 Bf7 32. a4 Re8 33. a5 Re6 34. Kb2 Rf6 35. Bf3 Be6 36. Kc3 Kh6 37. Kd3 Rg7 38. Bxh5 f3 39. Be3 f2 40. Rxg6+ Kxh5 41. Rxg7 fxg1Q 42. Rxg1 Bd7 43. Rg5+ Kh4 44. Rg7 1-0

[Event "BLR-ch U20"]
[Site "Minsk"]
[Date "2008.04.17"]
[Round "4"]
[White "Kislov, Oleg"]
[Black "Abramenko, Sergey"]
[Result "0-1"]
[WhiteElo "2305"]
[BlackElo "2154"]
[PlyCount "80"]
[EventDate "2008.04.14"]
[EventType "tourn"]
[EventRounds "9"]
[EventCountry "BLR"]
[EventCategory "2"]
[SourceTitle "EXT 2010"]
[Source "ChessBase"]
[SourceDate "2010.11.25"]
[SourceVersion "1"]
[SourceVersionDate "2010.11.25"]
[SourceQuality "1"]

1. e4 c6 2. d4 d5 3. Nc3 dxe4 4. Nxe4 Bf5 5. Qf3 e6 6. Bd3 Qxd4 7. Ne2 Bxe4 8. Bxe4 Qd8 9. Qg3 Nf6 10. Bf3 g6 11. Bf4 Be7 12. Bc7 Qc8 13. c4 Na6 14. Be5 0-0 15. h4 Nc5 16. 0-0-0 Rd8 17. h5 Rxd1+ 18. Rxd1 Qe8 19. hxg6 fxg6 20. Qh3 Rd8 21. Nd4 Qf7 22. Kc2 Nfe4 23. Bxe4 Nxe4 24. Qxe6 Qxe6 25. Nxe6 Rxd1 26. Kxd1 Nxf2+ 27. Ke2 Kf7 28. Nc7 Ng4 29. Bd4 Bd6 30. Na8 c5 31. Bg1 Ne5 32. b3 Ke6 33. Ke3 Kf5 34. Ke2 Ke4 35. Be3 Nc6 36. Bg5 Nb4 37. Bd8 Nxa2 38. Kd2 Bf4+ 39. Kc2 Nb4+ 40. Kb2 Na6 0-1